Normal view
MARC view
- Lembaga Penyelidikan Undang-Undang
Entry Corporate Name
001 - CONTROL NUMBER
- control field: 8600
003 - CONTROL NUMBER IDENTIFIER
- control field: OSt
005 - DATE AND TIME OF LATEST TRANSACTION
- control field: 20170530094444.0
008 - FIXED-LENGTH DATA ELEMENTS
- fixed length control field: 170530|| aca||aabn | a|a d
040 ## - CATALOGING SOURCE
- Original cataloging agency: OSt
- Transcribing agency: OSt
110 ## - HEADING--CORPORATE NAME
- Corporate name or jurisdiction name as entry element: Lembaga Penyelidikan Undang-Undang
670 ## - SOURCE DATA FOUND
- Source citation: Work cat.: (OSt)0: Malaysia 400, Dangerous Drugs Act 1952 (Act 234) & Drug Dependants (treatment and rehabilitation) Act 1983 (Act 283) & regulations & rules (as at 25th February 2012) /, 2012

PORTAL AKMAL
E-MEL JKDM
AKMAL2U
G-BAM
u-PUSTAKA